Die 10 kuriosesten Comebacks im Fußball - Statistiken

Allgemein
  • Dieses Quiz wurde 251 mal gespielt
    159 seit der letzten Aktualisierung
  • Das Durchschnittsergebnis liegt bei 6 aus 10
Antwortstatistiken
Platz Ergebniss Jahr Wettbewerb Teilnehmer Teilnehmer % Korrekt
2 4:3 (n. H. u. RS) 2019 Champions League Halbfinale FC Liverpool FC Barcelona
93%
3 6:5 (n. H. u. RS) 2017 Champions League Achtelfinale FC Barcelona Paris SG
91%
1 3:3 (n.V) 2005 Champions League Finale AC Mailand FC Liverpool
90%
9 3:3 (n. H. u. RS) 2019 Champions League Halbfinale Tottenham Hotspur Ajax Amsterdam
72%
5 4:4 (n. H. u. RS) 2018 Champions League Viertelfinale FC Barcelona AS Rom
54%
10 3:2 2018 WM Achtelfinale Belgien Japan
54%
6 5:5 (n. H. u. RS) 1985 UEFA Cup Achtelfinale Borussia Mönchengladbach Real Madrid
53%
7 3:3 (n.V) 1982 WM Halbfinale Deutschland (BRD) Frankreich
49%
8 4:4 (n. H. u. RS) 2004 Champions League Viertelfinale Deportivo La Coruna AC Mailand
33%
4 5:5 (n. H. u. RS) 2004 Champions League Viertelfinale Real Madrid AS Monaco
22%
Keine übereinstimmenden Quizze gefunden
Verteilung der Resultate
Anzahl Personen mit jedem Resultat
Perzentil nach korrekt beantworteten Fragen
Ihre Resultats-Entwicklung
Sie haben dieses Quiz seit der letzten Aktualisierung nicht gespielt